[Event "URS-chT"]
[Site "Riga"]
[Date "1975.??.??"]
[Round "?"]
[White "Dydyshko, Viacheslav"]
[Black "Sideif Sade, Fikret I"]
[Result "1/2-1/2"]
[WhiteElo "2395"]
[BlackElo "2200"]

1.d4 Nf6 2.c4 g6 3.Nc3 d5 4.cxd5 Nxd5 5.e4 Nxc3 6.bxc3 Bg7 7.Bc4 c5 8.Ne2 Nc6
9.Be3 cxd4 10.cxd4 Qa5+ 11.Bd2 Qa3 12.Rb1 O-O 13.O-O Bg4 14.d5 b5 15.Bxb5 Nd4
16.f3 Nxb5 17.Rxb5 Bd7 18.Ra5 Qb2 19.Qc1 Qb6+ 20.Qc5 Rac8 21.Qxb6 axb6 22.Ra7 Bb5
23.Kf2 Rc2 24.Rd1 e6 25.a4 Bxe2 26.Kxe2 exd5 27.exd5 Bh6 28.d6 Rd8 29.d7 Kf8
30.Kd3 Rxd2+ 31.Rxd2 Bxd2 32.Kxd2 Ke7 33.Kc3 Rxd7 34.Ra6 Rd6 35.h4 h5 36.g3 Rf6
37.f4 Kd7 38.Kc4 Kc7 39.Ra7+ Kc6 40.a5 Rf5 41.a6 b5+ 42.Kb4  1/2-1/2

[Event "Rimavska Sobota"]
[Site "Rimavska Sobota"]
[Date "1975.??.??"]
[Round "3"]
[White "Kupka, Slavoj"]
[Black "Vokralova, Stepanka"]
[Result "1/2-1/2"]
[WhiteElo "2360"]
[BlackElo "2215"]

1.c4 Nf6 2.Nc3 d5 3.d4 g6 4.cxd5 Nxd5 5.e4 Nxc3 6.bxc3 Bg7 7.Bc4 O-O 8.Ne2 Qd7
9.O-O b6 10.Be3 Bb7 11.f3 Rd8 12.Qb3 e6 13.Bg5 Re8 14.Rfd1 c6 15.a4 Ba6 16.Rab1 Bxc4
17.Qxc4 h6 18.Bh4 Qb7 19.Qa2 Na6 20.Bf2 Bf8 21.c4 Nb4 22.Qb3 a5 23.Nc3 Rac8
24.e5 Red8 25.Ne4 c5 26.dxc5 Rxd1+ 27.Rxd1 bxc5 28.Nd6 Bxd6 29.Rxd6 Qc7 30.Qe3 Nc2
31.Qxh6 Nd4 32.Bh4 Nf5 33.Qf4 Qb7 34.h3 Nxh4 35.Qxh4 Qb1+ 36.Kh2 Qa1 37.Rd8+ Rxd8
38.Qxd8+ Kg7 39.Qf6+ Kg8 40.Qd8+ Kg7 41.Qd6  1/2-1/2

[Event "Rimavska Sobota"]
[Site "Rimavska Sobota"]
[Date "1975.??.??"]
[Round "12"]
[White "Baumbach, Friedrich"]
[Black "Vokralova, Stepanka"]
[Result "1-0"]
[WhiteElo "2395"]
[BlackElo "2215"]

1.d4 Nf6 2.c4 g6 3.Nc3 d5 4.cxd5 Nxd5 5.e4 Nxc3 6.bxc3 Bg7 7.Bc4 O-O 8.Ne2 Qd7
9.O-O b6 10.Be3 Bb7 11.f3 Nc6 12.Qd2 Na5 13.Bd3 Rfd8 14.Rad1 Rac8 15.Bh6 Bh8
16.h4 c5 17.d5 e6 18.c4 exd5 19.cxd5 c4 20.Bc2 Ba6 21.Rfe1 c3 22.Qf4 Nc4
23.h5 Nb2 24.Rc1 Bd3 25.Qe3 Bxc2 26.Rxc2 b5 27.Nd4 Nc4 28.Qf2 Na3 29.Rcc1 Rc4
30.Red1 a5 31.Nc6 Ra8 32.Qh4 f6 33.Qg3 Kf7 34.hxg6+ hxg6 35.e5 fxe5 36.Nxe5+ Bxe5
37.Qxe5 Rg8 38.Rxc3 Rxc3 39.Qxc3 b4 40.Qe5 Nb5 41.d6  1-0

[Event "Stary Smokovec"]
[Site "Stary Smokovec"]
[Date "1975.??.??"]
[Round "8"]
[White "Szilagyi, Gyorgy"]
[Black "Liebert, Heinz"]
[Result "1-0"]
[WhiteElo "2370"]
[BlackElo "2450"]

1.d4 Nf6 2.c4 g6 3.Nc3 d5 4.cxd5 Nxd5 5.e4 Nxc3 6.bxc3 Bg7 7.Bc4 O-O 8.Ne2 Qd7
9.O-O b6 10.Be3 Nc6 11.Qd2 Na5 12.Bd3 Rd8 13.Rad1 Qa4 14.Bh6 Bh8 15.f4 Nc4
16.Qc1 f5 17.Rf2 Nd6 18.e5 Nf7 19.Bg5 Nxg5 20.fxg5 c5 21.Qb1 Be6 22.Nf4 Bc4
23.g3 b5 24.Rfd2 Bg7 25.Bxc4+ Qxc4 26.Qd3 Qxd3 27.Rxd3 Kf7 28.Kf2 Rdc8 29.Ke2 a5
30.e6+ Ke8 31.dxc5 Rxc5 32.Rd5 Rac8 33.Rxc5 Rxc5 34.Rd5 Rc8 35.Rxb5 Bxc3
36.Nd5 Bb4 37.Nxb4 axb4 38.Rxb4 Kf8 39.a4 Rc6 40.a5 Rxe6+ 41.Kd3 Ke8 42.Ra4 Ra6
43.Kc4  1-0

[Event "Szolnok"]
[Site "Szolnok"]
[Date "1975.??.??"]
[Round "15"]
[White "Lukacs, Peter"]
[Black "Rajna, George"]
[Result "1/2-1/2"]
[WhiteElo "2385"]
[BlackElo "2405"]

1.d4 Nf6 2.c4 g6 3.Nc3 d5 4.cxd5 Nxd5 5.e4 Nxc3 6.bxc3 Bg7 7.Bc4 c5 8.Ne2 Nc6
9.Be3 O-O 10.O-O Qc7 11.Rc1 Rd8 12.Bf4 Qd7 13.d5 Ne5 14.Bxe5 Bxe5 15.f4 Bg7
16.a4 a6 17.a5 Qc7 18.Ra1 Rb8 19.Ra3 b5 20.axb6 Rxb6 21.Qa1 e6 22.Qa2 exd5
23.Bxd5 Bb7 24.Bxb7 Qxb7 25.Qc4 Rd2 26.Re1 Rbb2 27.Kf2 Qb5 28.Qxb5 axb5 29.Ra8+ Bf8
30.f5 gxf5 31.exf5 b4 32.cxb4 cxb4 33.Kf3 Rb3+ 34.Kf4 Rbd3 35.Ng3 Rd8 36.Re8 Rxa8
37.Rxa8 b3 38.Rb8 Rd4+ 39.Ke3 Rb4 40.Rxb4 Bxb4 41.Kd3 Bd6 42.Ne2 Bxh2 43.Kc3  1/2-1/2

[Event "Teeside"]
[Site "Teeside"]
[Date "1975.??.??"]
[Round "11"]
[White "Hort, Vlastimil"]
[Black "Miles, Anthony J"]
[Result "1/2-1/2"]
[WhiteElo "2600"]
[BlackElo "2435"]

1.d4 Nf6 2.c4 g6 3.Nc3 d5 4.cxd5 Nxd5 5.e4 Nxc3 6.bxc3 Bg7 7.Bc4 O-O 8.Ne2 b6
9.h4 Nc6 10.h5 Na5 11.Bd3 c5 12.Be3 cxd4 13.cxd4 Nc6 14.hxg6 fxg6 15.Qd2 Qd6
16.Rc1 Bb7 17.Bh6 Nxd4 18.Bxg7 Kxg7 19.Qh6+ Kf6 20.Qh4+ Kg7 21.Qh6+ Kf6 22.f4 Qb4+
23.Kf2 Nxe2 24.Qg5+ Kg7 25.Qh6+ Kf6  1/2-1/2

[Event "Vilnius zt"]
[Site "Vilnius"]
[Date "1975.??.??"]
[Round "6"]
[White "Balashov, Yuri S"]
[Black "Tukmakov, Vladimir B"]
[Result "1-0"]
[WhiteElo "2540"]
[BlackElo "2570"]

1.d4 Nf6 2.c4 g6 3.Nc3 d5 4.cxd5 Nxd5 5.e4 Nxc3 6.bxc3 Bg7 7.Bc4 c5 8.Ne2 Nc6
9.Be3 O-O 10.O-O Qc7 11.Rc1 Rd8 12.Qd2 Qa5 13.Rfd1 b6 14.Bh6 Ba6 15.Bxa6 Bxh6
16.Qxh6 Qxa6 17.Nf4 cxd4 18.Rd3 Qa3 19.Nh5  1-0

[Event "Vilnius zt"]
[Site "Vilnius"]
[Date "1975.??.??"]
[Round "11"]
[White "Grigorian, Karen Ashotovich"]
[Black "Beliavsky, Alexander G"]
[Result "1/2-1/2"]
[WhiteElo "2520"]
[BlackElo "2500"]

1.d4 Nf6 2.c4 g6 3.Nc3 d5 4.cxd5 Nxd5 5.e4 Nxc3 6.bxc3 Bg7 7.Bc4 c5 8.Ne2 Nc6
9.Be3 O-O 10.O-O cxd4 11.cxd4 Bg4 12.f3 Na5 13.Bd3 Be6 14.d5 Bxa1 15.Qxa1 f6
16.Bh6 Re8 17.Nd4 Bd7 18.e5 Rc8 19.Rb1 Qc7 20.e6 Ba4 21.Rb4 Qc3 22.Qxc3 Rxc3
23.Bf1 Ra3 24.Nb5 Bxb5 25.Bxb5 Rd8 26.Rd4 Nc6 27.Rd2 g5 28.h4 Ra5 29.Bc4 Ra4
30.Bb3 Rd4 31.hxg5 f5 32.Rc2 Na5 33.Rc7 Re8 34.Rd7 Nxb3 35.axb3 a5 36.Rxb7 Rxd5
37.Ra7 f4 38.Kh2 Re5 39.Ra6 Re3 40.Kh3 Rxb3 41.Rxa5  1/2-1/2

[Event "Rovinj/Zagreb"]
[Site "Zagreb"]
[Date "1975.??.??"]
[Round "13"]
[White "Nikolac, Juraj"]
[Black "Sax, Gyula"]
[Result "0-1"]
[WhiteElo "2470"]
[BlackElo "2510"]

1.d4 Nf6 2.c4 g6 3.Nc3 d5 4.cxd5 Nxd5 5.e4 Nxc3 6.bxc3 Bg7 7.Bc4 O-O 8.Ne2 b6
9.O-O Bb7 10.f3 Nc6 11.Be3 Na5 12.Bd3 Qd7 13.Qd2 c5 14.Bh6 cxd4 15.Bxg7 Kxg7
16.cxd4 Rfc8 17.Qb4 Rc7 18.Rac1 Rac8 19.Rxc7 Rxc7 20.Bb5 Qc8 21.h4 Qe6 22.d5 Qf6
23.h5 Rc2 24.a4 Rb2 25.Qe1 Nb3 26.hxg6 hxg6 27.Qg3 Nd4 28.Nxd4 Qxd4+ 29.Kh2 Rc2
30.Bd7 Ba6 31.Rg1 Be2 32.Qf4 Bc4 33.Rc1 Rxc1 34.Qxc1 a6 35.Qg5 Qf6 36.Qg3 Qd6
37.Bc8 a5 38.f4 Qc7 39.Bd7 Bxd5 40.exd5 Qxd7 41.Qc3+ Kg8 42.Qc6 Qg4 43.g3 Qe2+
44.Kg1 Qf3 45.Kh2 Qf2+ 46.Kh3 Qg1 47.d6 exd6 48.Qe8+ Kg7 49.g4 Qd4 50.Kg3 g5  0-1

[Event "IBM"]
[Site "Amsterdam"]
[Date "1976.??.??"]
[Round "2"]
[White "Szabo, Laszlo"]
[Black "Olafsson, Fridrik"]
[Result "1/2-1/2"]
[WhiteElo "2525"]
[BlackElo "2550"]

1.d4 Nf6 2.c4 g6 3.Nc3 d5 4.cxd5 Nxd5 5.e4 Nxc3 6.bxc3 Bg7 7.Bc4 O-O 8.Ne2 c5
9.O-O Nc6 10.Be3 cxd4 11.cxd4 Na5 12.Bd3 b6 13.Qd2 Bb7 14.Bh6 e6 15.Bxg7 Kxg7
16.Qf4 Qe7 17.Rad1 Rad8 18.Rfe1 Nc6 19.Qe3 Qb4 20.Rb1 Qd6 21.d5 exd5 22.exd5 Qxd5
23.Nf4 Qd4 24.Qg3 Rfe8 25.h4 Kh8 26.h5 Ne5 27.Bc2 gxh5 28.Red1 Qc5 29.Rxd8 Rxd8
30.Qh4 Rg8 31.Qf6+ Rg7 32.Qd8+ Rg8  1/2-1/2

[Event "IBM"]
[Site "Amsterdam"]
[Date "1976.??.??"]
[Round "7"]
[White "Donner, Jan Hein"]
[Black "Szabo, Laszlo"]
[Result "0-1"]
[WhiteElo "2475"]
[BlackElo "2525"]

1.d4 Nf6 2.c4 g6 3.Nc3 d5 4.cxd5 Nxd5 5.e4 Nxc3 6.bxc3 Bg7 7.Bc4 O-O 8.Ne2 b6
9.h4 Nc6 10.Be3 Na5 11.Bd3 e5 12.Qd2 exd4 13.Bxd4 Qe7 14.Bxg7 Kxg7 15.h5 Bb7
16.Qe3 Rae8 17.hxg6 fxg6 18.f3 Kg8 19.O-O Rf5 20.Rfd1 Rh5 21.Qd4 Rc5 22.Rac1 Qg5
23.Rc2 Rf8 24.Kf1 Bc8 25.Nc1 Be6 26.Be2 Nc6 27.Qd2 Qh4 28.Nd3 Rg5 29.Qe3 Rg3
30.Qf2 Qh2 31.Ne1 Ne5 32.Rd4 Ng4 33.Qg1 Qh6 34.Rcd2 Qh4 35.Ba6 Nh2+ 36.Ke2 Nxf3
37.Nxf3 Rfxf3 38.Kd1 Rxc3 39.Be2 Bg4  0-1

[Event "HUN-ch"]
[Site "Budapest"]
[Date "1976.??.??"]
[Round "8"]
[White "Karsa, Laszlo"]
[Black "Tompa, Janos"]
[Result "1-0"]
[WhiteElo "2200"]
[BlackElo "2415"]

1.d4 Nf6 2.c4 g6 3.Nc3 d5 4.cxd5 Nxd5 5.e4 Nxc3 6.bxc3 Bg7 7.Bc4 c5 8.Ne2 O-O
9.O-O Nc6 10.Be3 Qc7 11.Rc1 Na5 12.Bd3 b6 13.Qd2 Bb7 14.Bh6 Rad8 15.Rfd1 e5
16.Bg5 Rd6 17.f4 exd4 18.cxd4 f5 19.Qe3 fxe4 20.Bxe4 Re8 21.d5 Qd7 22.Qf3 Nc6
23.dxc6 Rxd1+ 24.Kf2 Rxe4 25.Qxe4 Bd4+ 26.Nxd4 Bxc6 27.Nxc6 Rxc1 28.Ne7+ Kf7
29.Nd5 Qe6 30.Qxe6+ Kxe6 31.f5+ Kxd5 32.Bxc1 gxf5 33.Ke3 Kc4 34.Kf4 b5 35.Kxf5 Kd3
36.g4 b4 37.g5 c4 38.h4 Kc2 39.Bf4 b3 40.axb3 cxb3 41.Be5 b2 42.Bxb2 Kxb2
43.h5  1-0

[Event "DSV-Turnier"]
[Site "Halle"]
[Date "1976.??.??"]
[Round "?"]
[White "Knaak, Rainer"]
[Black "Schmidt, Wlodzimierz"]
[Result "0-1"]
[WhiteElo "2520"]
[BlackElo "2485"]

1.d4 Nf6 2.c4 g6 3.Nc3 d5 4.cxd5 Nxd5 5.e4 Nxc3 6.bxc3 Bg7 7.Bc4 c5 8.Ne2 O-O
9.O-O Nc6 10.Be3 cxd4 11.cxd4 Bg4 12.f3 Na5 13.Bd3 Be6 14.d5 Bxa1 15.Qxa1 f6
16.Qb1 Bf7 17.Nd4 Rc8 18.Qb4 e6 19.dxe6 Bxe6 20.Nxe6 Qxd3 21.Bd2 b6 22.Nxf8 Rxf8
23.Bh6 Re8 24.Qb2 Kf7 25.Rc1 Qd7 26.Be3 Re6 27.Qe2 Rc6 28.Rd1 Rd6 29.Rc1 Rc6
30.Rd1 Rd6 31.Rxd6 Qxd6 32.g3 Qd7 33.Kg2 b5 34.Qf2 a6 35.Bc5 Nc4 36.Bd4 h5
37.Bc3 g5 38.Qc5 Qd3 39.Qd5+ Qxd5 40.exd5 Ne3+ 41.Kg1 Nxd5 42.Bd2 Ke6  0-1

[Event "DSV-Turnier"]
[Site "Halle"]
[Date "1976.??.??"]
[Round "?"]
[White "Knaak, Rainer"]
[Black "Malich, Burkhard"]
[Result "1/2-1/2"]
[WhiteElo "2520"]
[BlackElo "2530"]

1.d4 Nf6 2.c4 g6 3.Nc3 d5 4.cxd5 Nxd5 5.e4 Nxc3 6.bxc3 Bg7 7.Bc4 c5 8.Ne2 O-O
9.O-O Nc6 10.Be3 cxd4 11.cxd4 Na5 12.Bd3 b6 13.Rc1 e6 14.Qd2 Bb7 15.h4 Qe7
16.Bg5 f6 17.Bf4 Rac8 18.Qe3 Nc6 19.Rfd1 Rfd8 20.Bb5 a6 21.Bxc6 Rxc6 22.d5 Rxc1
23.Rxc1 e5 24.Qb3 exf4 25.d6+ Qf7 26.Qxf7+ Kxf7 27.Rc7+ Kg8 28.Rxb7 Rxd6
29.Nxf4 f5 30.exf5 Be5 31.g3 Bxf4 32.gxf4 gxf5  1/2-1/2

[Event "Hastings7677"]
[Site "Hastings"]
[Date "1976.??.??"]
[Round "8"]
[White "Tarjan, James Edward"]
[Black "Adorjan, Andras"]
[Result "1/2-1/2"]
[WhiteElo "2505"]
[BlackElo "2510"]

1.d4 Nf6 2.c4 g6 3.Nc3 d5 4.cxd5 Nxd5 5.e4 Nxc3 6.bxc3 Bg7 7.Bc4 O-O 8.Ne2 b6
9.h4 Nc6 10.h5 Na5 11.Bd3 e5 12.hxg6 fxg6 13.Be3 Qe7 14.Rc1 c6 15.f4 exf4
16.Nxf4 Bf5 17.Qf3 Bxe4 18.Qxe4 Qxe4 19.Bxe4 Rae8 20.Bxc6 Nxc6 21.Kd2 Rf5
22.Kd3 Ra5 23.Rc2 Nb4+ 24.cxb4 Ra3+ 25.Kd2 Raxe3 26.d5 R3e7 27.Ne6 Rd7 28.Kc1 Bf8
29.a3 a5 30.Nxf8 Kxf8 31.Kb2 axb4 32.axb4 Re4 33.Kb3 Rd4 34.Rc6 b5 35.Rc5 Rd3+
36.Kc2 R3xd5 37.Rxd5 Rxd5 38.Rxh7 Rg5 39.Rb7 Rxg2+ 40.Kd3 Rg5 41.Ke3 Ke8
42.Kf4 Rh5 43.Rg7 Rh4+ 44.Kg5 Rxb4 45.Rxg6 Kd7 46.Kf5 Kc7 47.Ke5 Rc4 48.Kd5 Kb7
49.Rh6 Ka7 50.Rg6 Rc7 51.Kd4 b4 52.Kd3 b3 53.Rg2  1/2-1/2

[Event "ENG-URS m"]
[Site "London"]
[Date "1976.??.??"]
[Round "?"]
[White "Bronstein, David I"]
[Black "Stean, Michael"]
[Result "0-1"]
[WhiteElo "2540"]
[BlackElo "2420"]

1.d4 Nf6 2.c4 g6 3.Nc3 d5 4.cxd5 Nxd5 5.e4 Nxc3 6.bxc3 Bg7 7.Bb5+ Bd7 8.Bc4 O-O
9.Ne2 c5 10.O-O Nc6 11.Rb1 Rc8 12.dxc5 Na5 13.Bd5 a6 14.Nd4 Rxc5 15.Ba3 Rxc3
16.Bb4 Rc8 17.Bxa5 Qxa5 18.Rxb7 Ba4 19.Bb3 Rcd8 20.Rxe7 Rxd4 21.Qf3 Bxb3
22.axb3 Qb4 23.Ra7 a5 24.g3 Qb6 25.Re7 Bf6  0-1

[Event "Lone Pine"]
[Site "Lone Pine"]
[Date "1976.??.??"]
[Round "4"]
[White "Najdorf, Miguel"]
[Black "Shamkovich, Leonid"]
[Result "1/2-1/2"]
[WhiteElo "2510"]
[BlackElo "2485"]

1.d4 Nf6 2.c4 g6 3.Nc3 d5 4.cxd5 Nxd5 5.e4 Nxc3 6.bxc3 Bg7 7.Bc4 O-O 8.Ne2 Nc6
9.O-O b6 10.Be3 Bb7 11.Rc1 Qd7 12.f3 Rad8 13.Bb5 Qd6 14.Qc2 Na5 15.c4 Qa3
16.Bf2 c6 17.Ba4 Nxc4 18.Qxc4 b5 19.Bxb5 cxb5 20.Qb3 Qxb3 21.axb3 Rc8 22.d5 a6
23.Bh4 f6 24.Bf2 Bh6 25.Rc5 Bd2 26.Rd1 Bb4 27.Rcc1 Ba3 28.Ra1 Bb2 29.Rab1 Ba3
30.Ra1 Bb4 31.Rac1  1/2-1/2

[Event "URS-ch otbor"]
[Site "Rostov"]
[Date "1976.??.??"]
[Round "?"]
[White "Muratov, Vladimir A"]
[Black "Monakov, A."]
[Result "1/2-1/2"]
[WhiteElo "2405"]
[BlackElo "2200"]

1.d4 Nf6 2.c4 g6 3.Nc3 d5 4.cxd5 Nxd5 5.e4 Nxc3 6.bxc3 Bg7 7.Bc4 c5 8.Ne2 Nc6
9.Be3 O-O 10.O-O cxd4 11.cxd4 Na5 12.Bd3 b6 13.Qd2 Bb7 14.Bh6 e6 15.Rac1 Qe7
16.Qe3 Rac8 17.Bxg7 Kxg7 18.Qg3 Rfd8 19.h4 Nc6 20.h5 Qd6 21.e5 Nxe5 22.Rxc8 Bxc8
23.dxe5 Qxd3 24.Qg5 Re8 25.Qf6+ Kf8 26.Qh8+ Ke7 27.Qxh7 Ba6 28.hxg6 Qxg6
29.Qh4+ Kf8 30.Nf4 Qg7 31.Re1 Bb7 32.Re3 Rc8 33.Kh2 Ke8 34.Qh5 Rc5 35.a3 b5
36.g4 Kd7 37.Kg3 Kc7 38.Qh4 Kb8 39.Qe7 Rc1 40.f3 Qh6 41.Qe8+ Rc8 42.Qxb5 Rh8
43.Ng2 Qh2+ 44.Kf2 a6 45.Qb2 Rc8 46.Rc3 Rd8 47.Rb3 Rd7 48.Qe2 Ka8 49.Qe3 Rd5
50.Qb6 Rd2+  1/2-1/2

[Event "URS-ch otbor"]
[Site "Rostov"]
[Date "1976.??.??"]
[Round "?"]
[White "Razuvaev, Yuri S"]
[Black "Gutman, Lev"]
[Result "1-0"]
[WhiteElo "2495"]
[BlackElo "2395"]

1.d4 Nf6 2.c4 g6 3.Nc3 d5 4.cxd5 Nxd5 5.e4 Nxc3 6.bxc3 Bg7 7.Bc4 O-O 8.Ne2 b6
9.h4 Bb7 10.Qd3 e5 11.h5 Qf6 12.hxg6 hxg6 13.Qh3 Rc8 14.Qh7+ Kf8 15.dxe5  1-0

[Event "Stary Smokovec"]
[Site "Stary Smokovec"]
[Date "1976.??.??"]
[Round "5"]
[White "Moehring, Guenther"]
[Black "Szilagyi, Gyorgy"]
[Result "1/2-1/2"]
[WhiteElo "2380"]
[BlackElo "2380"]

1.d4 Nf6 2.c4 g6 3.Nc3 d5 4.cxd5 Nxd5 5.e4 Nxc3 6.bxc3 Bg7 7.Bc4 O-O 8.Ne2 c5
9.O-O Nc6 10.Be3 Qc7 11.Qc1 Na5 12.Bd3 b6 13.Bh6 cxd4 14.Bxg7 Kxg7 15.cxd4 Qxc1
16.Rfxc1 e6 17.Rc7 Rd8 18.Rac1 Bb7 19.Nf4 Kf8 20.d5 exd5 21.Nxd5 Rac8  1/2-1/2

[Event "SWE-ch"]
[Site "SWE"]
[Date "1976.??.??"]
[Round "?"]
[White "Niklasson, Christer"]
[Black "Karlsson, Lars"]
[Result "1/2-1/2"]
[WhiteElo "2380"]
[BlackElo "2205"]

1.d4 Nf6 2.c4 g6 3.Nc3 d5 4.cxd5 Nxd5 5.e4 Nxc3 6.bxc3 Bg7 7.Bc4 O-O 8.Ne2 Nc6
9.Bg5 Na5 10.Bd3 Qd7 11.Qd2 b6 12.Bh6 Bb7 13.h4 Bxh6 14.Qxh6 e5 15.h5 Rae8
16.d5 Qe7 17.Ng3 Rd8 18.Rh3 Bc8 19.Nf5 Bxf5 20.exf5 e4 21.Be2 Rd6 22.Rg3 Qf6
23.O-O-O Qg7 24.Qe3 Re8 25.Rd4 Re5 26.fxg6 hxg6 27.hxg6 f5 28.Qg5 Rexd5 29.Rxd5 Rxd5
30.Rh3 b5 31.g4 Nc4 32.Bxc4 bxc4 33.gxf5 Qf8 34.Kc2 Rxf5 35.Rh8+ Kxh8 36.g7+ Qxg7
37.Qxf5 Qg2 38.Qc8+ Kh7 39.Qxc7+ Kh6 40.Qxa7 Qf1 41.Qe3+ Kh5 42.Kb2 Qg1 43.Kc2 Qa1
44.Qe2+ Kg5 45.Qxc4 Kf4 46.Qf7+ Ke5 47.Qc7+ Kf5 48.Qc5+ Kf4 49.Qd5 Qf1 50.Qd2+ Kf5
51.Qd5+ Kf4 52.Qd2+ Kf5 53.Kb2 Qb5+ 54.Kc1 Qf1+ 55.Kc2 Qc4 56.Kd1 Qf1+ 57.Kc2 Qc4
58.Qd7+ Kf4 59.Qa7 Kf3 60.Qe3+ Kg2 61.Kd1 Qf1+ 62.Qe1 Qd3+ 63.Kc1 Qf1 64.Kd1 Qd3+  1/2-1/2

[Event "SWE-ch"]
[Site "SWE"]
[Date "1976.??.??"]
[Round "?"]
[White "Niklasson, Christer"]
[Black "Schussler, Harry"]
[Result "1/2-1/2"]
[WhiteElo "2380"]
[BlackElo "2200"]

1.d4 Nf6 2.c4 g6 3.Nc3 d5 4.cxd5 Nxd5 5.e4 Nxc3 6.bxc3 Bg7 7.Bc4 O-O 8.Ne2 Nc6
9.Bg5 Na5 10.Bd3 Qd7 11.O-O b6 12.Qd2 c5 13.Bh6 cxd4 14.cxd4 e6 15.h4 Bxh6
16.Qxh6 Nc6 17.Bb5 a6 18.Bxc6 Qxc6 19.Ng3 Bb7 20.Nh5 gxh5 21.Qg5+ Kh8 22.Qf6+ Kg8
23.Qg5+  1/2-1/2

[Event "BCF-ch"]
[Site "Brighton"]
[Date "1977.08.11"]
[Round "4"]
[White "Williams, Arthur H"]
[Black "Rayner, Emmanuel"]
[Result "1/2-1/2"]
[WhiteElo "2380"]
[BlackElo "2335"]

1.d4 Nf6 2.c4 g6 3.Nc3 d5 4.cxd5 Nxd5 5.e4 Nxc3 6.bxc3 Bg7 7.Bc4 c5 8.Ne2 Nc6
9.Be3 O-O 10.O-O Na5 11.Bd3 b6 12.Rc1 Bb7 13.d5 c4 14.Bc2 e6 15.dxe6 fxe6
16.Nd4 Qe7 17.Qg4 e5 18.Bg5 Qe8 19.Qe6+ Qf7 20.Qxf7+ Rxf7 21.Ne6 Bf6 22.Rfd1 Re8
23.Bxf6 Rxf6 24.Nc7 Rc8 25.Nd5 Rf7 26.Rd2 Kf8 27.Bd1 Rd8 28.Bg4 Rf6 29.Rf1 Kg7
30.g3 Bxd5 31.Rxd5 Rxd5 32.exd5 Rd6 33.Be6 Nb7 34.f4 e4 35.Kf2 Nc5 36.Ke3 Nxe6
37.dxe6 Kf6 38.Kxe4 Rxe6+ 39.Kd4 Re2 40.a4 Rxh2 41.Kxc4 Kf5 42.Kb5 Kg4 43.Ka6 Ra2
44.Kxa7 Rxa4+ 45.Kxb6 Rc4 46.Rc1 Kxg3 47.Kb5 Rxf4 48.c4 h5  1/2-1/2

[Event "Tungsram"]
[Site "Budapest"]
[Date "1977.??.??"]
[Round "?"]
[White "Ree, Hans"]
[Black "Rajna, George"]
[Result "1-0"]
[WhiteElo "2460"]
[BlackElo "2395"]

1.d4 Nf6 2.c4 g6 3.Nc3 d5 4.cxd5 Nxd5 5.e4 Nxc3 6.bxc3 Bg7 7.Bc4 c5 8.Ne2 O-O
9.O-O Nc6 10.Be3 Qc7 11.Rc1 Rd8 12.Bf4 Qd7 13.d5 Na5 14.Bb3 b5 15.Be3 Qc7
16.c4 b4 17.f4 Nxb3 18.axb3 a5 19.f5 a4 20.bxa4 Bd7 21.Qe1 Rf8 22.Qf2 Ra5
23.Nf4 Bxa4 24.Nd3 Rc8 25.Nxb4 cxb4 26.Bb6 Qe5 27.Bxa5 Qxe4 28.Kh1 b3 29.fxg6 Qxg6
30.Bc3 Rxc4 31.Bxg7 Rxc1 32.Rxc1 Kxg7 33.Qd4+ f6 34.Re1 Bb5 35.Rxe7+ Kf8
36.Re1 Kg7 37.Qa7+ Kh6 38.Qe3+ Kg7 39.Qxb3 Bd3 40.d6 Be4 41.Qg3  1-0

[Event "SVK-ch"]
[Site "Detva"]
[Date "1977.??.??"]
[Round "2"]
[White "Husek, Zdenek"]
[Black "Ftacnik, Lubomir"]
[Result "0-1"]
[WhiteElo "2140"]
[BlackElo "2375"]

1.d4 Nf6 2.c4 g6 3.Nc3 d5 4.cxd5 Nxd5 5.e4 Nxc3 6.bxc3 Bg7 7.Be3 O-O 8.Nf3 c5
9.Be2 Qa5 10.O-O Qxc3 11.Rc1 Qa3 12.Rxc5 Qxa2 13.Ng5 Na6 14.Rc2 Qa5 15.e5 Bf5
16.Rb2 h6 17.g4 Bd7 18.Ne4 Bc6 19.Bf3 Rfd8 20.Qb1 Qc7 21.Re1 Qd7 22.Rd1 Qe6
23.h3 b6 24.Bg2 Nc7 25.Qc1 Ba4 26.Re1 Rac8 27.Qa1 Be8 28.Reb1 Nd5 29.Qa6 Rc7
30.Bd2 Bc6 31.Ng3 f6 32.exf6 Qxf6 33.g5 hxg5 34.Ne4 Qf5 35.Ng3 Qf7 36.Rc1 Bxd4
37.Rbc2 Qxf2+ 38.Kh1 Qxg3 39.Rxc6 Be5 40.Kg1 Qh2+  0-1

[Event "SVK-ch"]
[Site "Detva"]
[Date "1977.??.??"]
[Round "10"]
[White "Husek, Zdenek"]
[Black "Novak, Ivan"]
[Result "1/2-1/2"]
[WhiteElo "2140"]
[BlackElo "2325"]

1.d4 g6 2.c4 Nf6 3.Nc3 d5 4.cxd5 Nxd5 5.e4 Nxc3 6.bxc3 Bg7 7.Be3 O-O 8.Nf3 c5
9.Be2 b6 10.O-O Bb7 11.e5 cxd4 12.cxd4 Na6 13.Qd2 Nc7 14.h4 Ne6 15.Rfd1 Qd5
16.Qb4 Rfc8 17.Ne1 Qd8 18.Qd2 Bd5 19.Ba6 Rc7 20.h5 Qd7 21.hxg6 hxg6 22.Qb4 Rd8
23.a4 Qc6 24.Rac1 Qd7 25.Rb1 Qc6 26.Rbc1 Qd7  1/2-1/2

[Event "Toth mem"]
[Site "Kecskemet"]
[Date "1977.??.??"]
[Round "?"]
[White "Augustin, Josef"]
[Black "Ermenkov, Evgenij"]
[Result "1/2-1/2"]
[WhiteElo "2445"]
[BlackElo "2445"]

1.d4 d5 2.c4 Nf6 3.Nc3 g6 4.cxd5 Nxd5 5.e4 Nxc3 6.bxc3 Bg7 7.Bc4 c5 8.Ne2 Nc6
9.Be3 cxd4 10.cxd4 b5 11.Bxb5 Qa5+ 12.Nc3 Qxc3+ 13.Bd2 Qxd4 14.Bxc6+ Bd7
15.Bxa8 Qxa1 16.Qxa1 Bxa1 17.O-O O-O 18.Rxa1 Rxa8 19.Rc1 Rc8 20.Rxc8+ Bxc8
21.Be3 Be6 22.Bxa7 Bxa2  1/2-1/2

[Event "Lone Pine"]
[Site "Lone Pine"]
[Date "1977.??.??"]
[Round "8"]
[White "Grefe, John A"]
[Black "Tarjan, James Edward"]
[Result "1/2-1/2"]
[WhiteElo "2425"]
[BlackElo "2495"]

1.d4 Nf6 2.c4 g6 3.Nc3 d5 4.cxd5 Nxd5 5.e4 Nxc3 6.bxc3 Bg7 7.Bc4 c5 8.Ne2 Nc6
9.Be3 O-O 10.O-O cxd4 11.cxd4 Bg4 12.f3 Na5 13.Bd5 Bd7 14.Rb1 a6 15.a4 e6
16.Ba2 Rc8 17.d5 Nc4 18.Bxc4 Rxc4 19.dxe6 Bxe6 20.Nf4 Bd4 21.Bxd4 Rxd4 22.Nxe6 Rxd1
23.Rfxd1 Qxd1+ 24.Rxd1 fxe6 25.Rd6 Re8 26.Rd7 b5 27.axb5 axb5 28.Rb7 h5 29.Rxb5 Kf7
30.Kf2 Ra8 31.Kg3 Ra2 32.f4 Kf6 33.Rb8 Ra4 34.e5+ Kf7 35.Rb7+ Kf8 36.h3 Ra2
37.Rc7 Rb2 38.Rc3 Kg7 39.Rf3 Kh6 40.Rf2 Rb4 41.Ra2 g5 42.Ra6 Rxf4 43.Rxe6+ Kg7  1/2-1/2

[Event "Snekkersten"]
[Site "Snekkersten"]
[Date "1977.??.??"]
[Round "7"]
[White "Carlsson, Gerner"]
[Black "Moe, Mogens"]
[Result "1-0"]
[WhiteElo "2200"]
[BlackElo "2360"]

1.d4 Nf6 2.c4 g6 3.Nc3 d5 4.cxd5 Nxd5 5.e4 Nxc3 6.bxc3 Bg7 7.Bc4 O-O 8.Ne2 Nc6
9.O-O b6 10.Be3 Bb7 11.Qd2 Na5 12.Bd3 Qd7 13.Bh6 c5 14.Bxg7 Kxg7 15.Rac1 Rfd8
16.Rfd1 Qa4 17.Qg5 f6 18.Qg3 Qxa2 19.Nf4 Qf7 20.d5 Bc8 21.h4 e5 22.dxe6 Bxe6
23.Bb5 a6 24.Rxd8 Rxd8 25.Nxe6+  1-0

[Event "Stary Smokovec"]
[Site "Stary Smokovec"]
[Date "1977.??.??"]
[Round "3"]
[White "Plachetka, Jan"]
[Black "Banas, Jan"]
[Result "1-0"]
[WhiteElo "2455"]
[BlackElo "2355"]

1.d4 Nf6 2.c4 g6 3.Nc3 d5 4.cxd5 Nxd5 5.e4 Nxc3 6.bxc3 Bg7 7.Nf3 c5 8.Be2 O-O
9.O-O cxd4 10.cxd4 Nc6 11.Be3 Bg4 12.d5 Ne5 13.Nxe5 Bxe2 14.Qxe2 Bxe5 15.Rab1 Qd7
16.f4 Bg7 17.Qb5 Qxb5 18.Rxb5 b6 19.Rc1 Rfc8 20.Rbb1 Kf8 21.Kf2 Ke8 22.Kf3 Bc3
23.Rc2 Kd7 24.Rbc1 Bb4 25.e5 Rxc2 26.Rxc2 Rc8 27.e6+ fxe6 28.dxe6+ Kd8 29.Rxc8+ Kxc8
30.Ke4 Kc7 31.Kd5 Bd6 32.g4 a6 33.h3 b5 34.f5 gxf5 35.gxf5 Bg3 36.Bc5 Bh4
37.Bd4 Be1 38.Be5+ Kd8 39.Kc6 b4 40.Bc7+ Ke8 41.Kb6 Kf8 42.Kxa6 Bc3 43.Bd8 Bf6
44.Ba5 Kg7 45.Bxb4 Kh6 46.Kb5 Kg5 47.Kc6  1-0

[Event "Tbilisi-Sukhumi"]
[Site "Tbilisi"]
[Date "1977.??.??"]
[Round "?"]
[White "Alburt, Lev O"]
[Black "Plachetka, Jan"]
[Result "0-1"]
[WhiteElo "2505"]
[BlackElo "2455"]

1.d4 Nf6 2.c4 g6 3.Nc3 d5 4.cxd5 Nxd5 5.e4 Nxc3 6.bxc3 Bg7 7.Nf3 c5 8.Be2 Nc6
9.d5 Bxc3+ 10.Bd2 Bxa1 11.Qxa1 Nd4 12.Nxd4 cxd4 13.Qxd4 f6 14.e5 Qb6 15.Qa1 fxe5
16.Qxe5 Qf6 17.Qe3 O-O 18.O-O Bd7 19.Bc3 Qd6 20.Bc4 Rac8 21.Qd4 e5  0-1

[Event "JUG-ch"]
[Site "Zagreb"]
[Date "1977.??.??"]
[Round "3"]
[White "Nikolac, Juraj"]
[Black "Simic, Radoslav"]
[Result "1/2-1/2"]
[WhiteElo "2475"]
[BlackElo "2375"]

1.d4 Nf6 2.c4 g6 3.Nc3 d5 4.cxd5 Nxd5 5.e4 Nxc3 6.bxc3 Bg7 7.Bc4 b6 8.Ne2 Bb7
9.f3 O-O 10.Be3 Qd7 11.O-O Nc6 12.Bb5 a6 13.Ba4 b5 14.Bb3 Na5 15.Qc2 e6 16.Rad1 Nxb3
17.axb3 a5 18.Nc1 f5 19.Nd3 Qf7 20.Nc5 Bc6 21.Qc1 Rfe8 22.Bh6 Bf6 23.Bg5 Bg7
24.Rf2 Bf8 25.Nd3 Qg7 26.Re1 b4 27.Bf4 bxc3 28.Qxc3 Bb5 29.Be5 Qd7 30.Nc5 Qc6
31.Qe3 Bd6 32.Bxd6 Qxd6 33.Ra1 Red8 34.Rd2 Qb6 35.e5 Be8 36.g4 Rd5 37.h4 Rad8
38.Qc3 Rxe5 39.Rxa5 Re1+ 40.Kf2 Rh1 41.Kg2 Rxh4 42.Ra6 Qb8 43.Kg3 Rh1 44.Rxe6 c6+
45.Re5 fxg4 46.fxg4 Rg1+ 47.Kh3 Bf7 48.Ne4 Rb1 49.Qxc6 Qxb3+ 50.Ng3 Rg1 51.Rg2 Rh1+
52.Rh2 Rxh2+ 53.Kxh2 Qb2+ 54.Re2 Qxd4 55.Qe4 Qg7 56.Qf4  1/2-1/2

[Event "Alicante"]
[Site "Alicante"]
[Date "1978.??.??"]
[Round "12"]
[White "Rodriguez Vargas, Orestes"]
[Black "Verdu, Miguel J"]
[Result "1-0"]
[WhiteElo "2485"]
[BlackElo "2200"]

1.d4 Nf6 2.c4 g6 3.Nc3 d5 4.cxd5 Nxd5 5.e4 Nxc3 6.bxc3 Bg7 7.Bc4 O-O 8.Ne2 Nc6
9.O-O b6 10.Bg5 Na5 11.Bd3 c5 12.d5 f6 13.Bh4 f5 14.Rc1 c4 15.Bc2 Qd6 16.Qd2 e6
17.Rcd1 exd5 18.exd5 Bd7 19.Bg3 Be5 20.Bxe5 Qxe5 21.Rfe1 Rfe8 22.h4 Qf6 23.Qf4 Re5
24.Nd4 Rae8 25.Rxe5 Rxe5 26.g3 Rxd5 27.Qb8+ Qf8 28.Qxa7 Qd8 29.Rb1 Nc6 30.Qb7 Ne7
31.Qxb6 Qxb6 32.Rxb6 Kf8 33.Rb4 Rc5 34.Ba4 Nd5 35.Bxd7 Nxb4 36.Ne6+ Ke7 37.Nxc5 Nxa2
38.Bb5 Kd6 39.Bxc4  1-0